Elaj e Nabvi Aur Jadeed Science: Pet Ki Bimariyan (Record no. 614644)
[ view plain ]
| 000 -LEADER | |
|---|---|
| fixed length control field | 00317nam a22001217a 4500 |
| 040 ## - CATALOGING SOURCE | |
| Transcribing agency | 0 |
| 082 ## - DEWEY DECIMAL CLASSIFICATION NUMBER | |
| Classification number | 297.63 |
| Author Mark | G4111 E |
| 100 ## - MAIN ENTRY--PERSONAL NAME | |
| Personal name | Dr.Khalid Ghaznavi |
| 245 ## - TITLE STATEMENT | |
| Title | Elaj e Nabvi Aur Jadeed Science: Pet Ki Bimariyan |
| 260 ## - PUBLICATION, DISTRIBUTION, ETC. | |
| Place of publication, distribution, etc. | Lahore |
| Name of publisher, distributor, etc. | Al Faisal Nashran-O-Tajran Kitab |
| Date of publication, distribution, etc. | 1993 |
| 300 ## - PHYSICAL DESCRIPTION | |
| Extent | 386p. |
| 942 ## - ADDED ENTRY ELEMENTS (KOHA) | |
| Source of classification or shelving scheme | |
| Koha item type | Book |
| Withdrawn status | Lost status | Source of classification or shelving scheme | Damaged status | Not for loan | Permanent Location | Current Location | Date acquired | Total Checkouts | Full call number | Barcode | Date last seen | Price effective from | Koha item type |
|---|---|---|---|---|---|---|---|---|---|---|---|---|---|
| School of Chemical & Materials Engineering (SCME) | School of Chemical & Materials Engineering (SCME) | 09/08/2025 | 297.63 G4111 E | SCME-D299 | 09/08/2025 | 09/08/2025 | Book |
